[Event "Coupe Jean-Claude Loubatiere"]
[Site "Aurec"]
[Date "2010.12.05"]
[Round "2.3"]
[White "Daillere, Roland"]
[Black "Coulomb, Marc"]
[Result "0-1"]
[WhiteElo "1320"]
[BlackElo "1240"]
[PlyCount "78"]
[EventDate "2010.??.??"]

1. e4 e5 2. f4 exf4 3. Nf3 Nc6 4. Bc4 Bc5 5. c3 d6 6. d4 Bb6 7. Bxf4 Bg4 8. Qd3
Bxf3 9. Qxf3 Nf6 10. Bg5 h6 11. Bxf6 Qxf6 12. Qxf6 gxf6 13. O-O Nxd4 14. Bb3
Nc2+ 15. Kh1 Nxa1 16. Rxf6 Nxb3 17. axb3 O-O-O 18. Nd2 Rde8 19. h3 Be3 20. Nf1
Rxe4 21. Nxe3 Rxe3 22. Kh2 Rg8 23. Rf2 Kd7 24. b4 c5 25. b5 a6 26. bxa6 bxa6
27. Rxf7+ Ke6 28. Rf2 d5 29. g4 d4 30. cxd4 cxd4 31. b4 d3 32. Rf1 Re2+ 33. Kg3
d2 34. Rd1 Rd8 35. Kh4 Re1 36. Rxd2 Rxd2 37. b5 axb5 38. Kh5 Rh1 39. Kh4 Rdh2
0-1

[Event "Coupe Jean-Claude Loubatiere"]
[Site "Aurec"]
[Date "2010.12.05"]
[Round "2.4"]
[White "Laffin, Mickael"]
[Black "Ducoulombier, Bertrand"]
[Result "0-1"]
[WhiteElo "1110"]
[BlackElo "1390"]
[PlyCount "56"]
[EventDate "2010.??.??"]

1. e4 e5 2. Nf3 Nc6 3. Bc4 Nf6 4. O-O Be7 5. b3 O-O 6. d3 d5 7. exd5 Nxd5 8.
Bb2 Bg4 9. h3 Bh5 10. Nbd2 a6 11. a4 Nb6 12. Qe1 Nxc4 13. bxc4 f6 14. Nh4 Nb4
15. Qe4 Nxc2 16. Rac1 Nb4 17. Qxb7 Nxd3 18. Ne4 Nxc1 19. Bxc1 f5 20. Nc5 Bxc5
21. Qc6 Bb6 22. Bb2 Qxh4 23. Qd5+ Bf7 24. Qd2 Bxc4 25. Rd1 Rad8 26. Qc3 Rxd1+
27. Kh2 Qf4+ 28. g3 Qxf2# 0-1

[Event "Coupe Jean-Claude Loubatiere"]
[Site "Aurec"]
[Date "2010.12.05"]
[Round "3.1"]
[White "Minchilli, Franco"]
[Black "Carteron, Olivier"]
[Result "1-0"]
[WhiteElo "1690"]
[BlackElo "1630"]
[PlyCount "83"]
[EventDate "2010.??.??"]

1. e4 e6 2. Nf3 d5 3. e5 c5 4. c3 Nc6 5. g3 Qc7 6. d4 Qb6 7. Bg2 cxd4 8. cxd4
Nge7 9. O-O Nf5 10. b3 Ncxd4 11. Qxd4 Qxd4 12. Nxd4 Nxd4 13. Nd2 Ne2+ 14. Kh1
Nxc1 15. Raxc1 Kd7 16. Rfd1 Rb8 17. Rc2 Ba3 18. Nc4 Be7 19. Bh3 Ke8 20. Ne3 Bd7
21. f4 Rc8 22. Rxc8+ Bxc8 23. Nxd5 Bd7 24. Nc7+ Kd8 25. Nxe6+ Kc8 26. Ng5 Bxh3
27. Nxh3 Rd8 28. Rxd8+ Kxd8 $11 29. Kg2 Kc7 30. Nf2 Kc6 31. Kf3 Kd5 32. Ke2 Kd4
33. Nd1 Bb4 34. Ne3 Kc3 35. Nd5+ Kb2 36. Nxb4 a5 37. Nd3+ Kxa2 38. Kd2 Kxb3 39.
Nc5+ Kb4 40. Nxb7 a4 41. Kc2 Kb5 42. Nd6+ 1-0

[Event "Coupe Jean-Claude Loubatiere"]
[Site "Aurec"]
[Date "2010.12.05"]
[Round "3.2"]
[White "Joly, Christian"]
[Black "Doran, Niall"]
[Result "1-0"]
[WhiteElo "1500"]
[BlackElo "1480"]
[PlyCount "23"]
[EventDate "2010.??.??"]

1. d4 Nf6 2. Nf3 g6 3. Nc3 Bg7 4. Bg5 O-O 5. Qd2 Re8 6. e4 d6 7. O-O-O a5 8. h4
Bg4 9. Be2 Na6 10. Bh6 Bh8 11. Ng5 e5 12. dxe5 1-0

[Event "Coupe Jean-Claude Loubatiere"]
[Site "Aurec"]
[Date "2010.12.05"]
[Round "3.3"]
[White "Schlick, Paul"]
[Black "D'Elia, Stephane"]
[Result "1-0"]
[WhiteElo "1650"]
[BlackElo "1330"]
[PlyCount "114"]
[EventDate "2010.??.??"]

1. d4 d5 2. Nf3 Nf6 3. Bf4 c6 4. e3 Nbd7 5. c4 g6 6. Bd3 Ne4 7. Nc3 Nxc3 8.
bxc3 Nf6 9. O-O Bg7 10. Qc2 O-O 11. h3 h6 12. Rfb1 e6 13. c5 Nd7 14. a4 b6 15.
cxb6 axb6 16. Ra2 Re8 17. Rab2 Ba6 18. Bxa6 Rxa6 19. c4 e5 20. dxe5 Nxe5 21.
Nxe5 Bxe5 22. Bxe5 Rxe5 23. cxd5 Rxd5 24. Qxc6 Rd1+ 25. Rxd1 Qxd1+ 26. Kh2 Qd8
27. a5 Qb8+ 28. g3 Rxa5 29. Qxb6 Qxb6 30. Rxb6 Ra2 31. Kg2 Kg7 32. Rb7 g5 33.
g4 Kg6 34. Kg3 Ra3 35. Re7 Kf6 36. Re8 Kg6 37. f4 gxf4+ 38. Kxf4 Ra5 39. h4 h5
40. Rg8+ Kh7 41. Rg5 Rxg5 42. hxg5 hxg4 43. Kxg4 Kg6 44. Kf4 f5 45. gxf6 Kxf6
46. e4 Ke6 47. e5 Kf7 48. Kf5 Ke7 49. e6 Kf8 50. Kf6 Ke8 51. e7 Kd7 52. Kf7 Kc7
53. e8=Q Kb7 54. Qd8 Ka7 55. Qd4+ Ka8 56. Qb4 Ka7 57. Ke6 Ka8 1-0

[Event "Coupe Jean-Claude Loubatiere"]
[Site "Aurec"]
[Date "2010.12.05"]
[Round "3.4"]
[White "Ben Habchi, Nordine"]
[Black "Allabrune, Guillaume"]
[Result "1-0"]
[WhiteElo "1490"]
[BlackElo "1460"]
[PlyCount "55"]
[EventDate "2010.??.??"]

1. e4 e5 2. Bc4 Nf6 3. d3 Nc6 4. Bg5 Be7 5. Nf3 d6 6. O-O Bg4 7. Nbd2 Nd4 8. c3
Nxf3+ 9. Nxf3 O-O 10. b4 Nd5 11. Bxd5 Bxg5 12. h3 c6 13. Bb3 Bh5 14. d4 b6 15.
dxe5 Bxf3 16. Qxf3 dxe5 17. Rfd1 Qe7 18. Rd3 Rad8 19. Rad1 Rxd3 20. Rxd3 Rd8
21. Rxd8+ Qxd8 22. Qxf7+ Kh8 23. Qxa7 h6 24. g3 Bd2 25. Qb7 Bxc3 26. Qxc6 Bxb4
27. Qd5 Qf6 28. Qg8# 1-0

[Event "Coupe Jean-Claude Loubatiere"]
[Site "Aurec"]
[Date "2010.12.05"]
[Round "3.1"]
[White "Boeuf, Jean-Julien"]
[Black "Djouder, Larbi"]
[Result "0-1"]
[WhiteElo "1420"]
[BlackElo "1700"]
[PlyCount "104"]
[EventDate "2010.??.??"]

1. e4 c5 2. c3 Nf6 3. e5 Nd5 4. Bc4 Nb6 5. Bb3 d6 6. exd6 Qxd6 7. d4 c4 8. Ba4+
Bd7 9. Bxd7+ N8xd7 10. Nf3 e6 11. O-O Be7 12. Nbd2 Nf6 13. Re1 Rc8 14. Nf1 O-O
15. Ng3 Rcd8 16. Bg5 Nfd7 17. Nf5 exf5 18. Bxe7 Qc7 19. Bxd8 Rxd8 20. Ne5 Nf6
21. f3 Nbd5 22. Qe2 b5 23. a4 a6 24. axb5 axb5 25. g4 f4 26. Ra6 Ne3 27. Rea1
Rb8 28. Ra7 Rb7 29. Ra8+ Rb8 30. R1a7 Qb6 31. Rxb8+ Qxb8 32. Rxf7 Qa8 33. Qe1
Nfxg4 34. Rxf4 Nc2 35. Qc1 Nge3 36. Nd7 Nxd4 37. Rf8+ Qxf8 38. Nxf8 Ne2+ 39.
Kf2 Nxc1 40. Kxe3 Kxf8 41. Kd2 Nb3+ 42. Ke3 Ke7 43. Ke4 Ke6 44. f4 g6 45. h4 h5
46. Ke3 Kf5 47. Kf3 Nd2+ 48. Kg3 Ke4 49. Kf2 Kxf4 50. Ke2 Kg4 51. Kxd2 Kxh4 52.
Ke2 Kg3 0-1

[Event "Coupe Jean-Claude Loubatiere"]
[Site "Aurec"]
[Date "2010.12.05"]
[Round "3.2"]
[White "Langle, Karl"]
[Black "Martin, Julien"]
[Result "1/2-1/2"]
[WhiteElo "1490"]
[BlackElo "1410"]
[PlyCount "59"]
[EventDate "2010.??.??"]

1. f4 d5 2. b3 Nc6 3. Bb2 e6 4. Nf3 Nf6 5. e3 Be7 6. Bb5 Bd7 7. Bxc6 Bxc6 8. d3
O-O 9. Qe2 Bd7 10. Nbd2 c5 11. Ne5 Ne8 12. Ndf3 f6 13. Nxd7 Qxd7 14. g4 f5 15.
g5 b5 16. h4 Bd6 17. h5 Rc8 18. h6 g6 19. Be5 Bxe5 20. Nxe5 Qc7 21. Qh2 c4 22.
bxc4 bxc4 23. d4 Nd6 24. Nxg6 hxg6 25. h7+ Kh8 26. Qh6 Qa5+ 27. Kd1 Ne4 28. Rh2
Nc3+ 29. Ke1 Ne4+ 30. Kd1 1/2-1/2

[Event "Coupe Jean-Claude Loubatiere"]
[Site "Aurec"]
[Date "2010.12.05"]
[Round "3.3"]
[White "Piper, Stephane"]
[Black "Liogier, Pascal"]
[Result "0-1"]
[WhiteElo "1499"]
[BlackElo "1450"]
[PlyCount "108"]
[EventDate "2010.??.??"]

1. c4 e5 2. Nc3 Nf6 3. Nf3 Nc6 4. d3 Bb4 5. Bd2 O-O 6. Nd5 Bxd2+ 7. Qxd2 d6 8.
g3 Nxd5 9. cxd5 Ne7 10. e4 h6 11. Be2 Bh3 12. Nh4 Ng6 13. Nxg6 fxg6 14. Qe3 h5
15. O-O-O c5 16. Rhg1 Bd7 17. g4 h4 18. h3 g5 19. f3 Rf4 20. Qd2 Rc8 21. Kb1
Qb6 22. Rc1 a5 23. Rc4 Bb5 24. Rc3 Qa7 25. Rb3 Ba6 26. Ra3 b6 27. Bd1 Qc7 28.
Rf1 c4 29. dxc4 Qxc4 30. Rc3 Qxf1 31. Rxc8+ Bxc8 32. Kc2 Ba6 33. Qc3 Qc4 34.
Qxc4 Bxc4 35. b3 Bf1 36. a4 Bxh3 37. Kd2 Bg2 38. Ke3 h3 39. Kf2 Rxg4 40. fxg4
Bxe4 41. Kg3 Bxd5 42. Kxh3 Kf7 43. Kg3 Kf6 44. Kf2 Be6 45. Ke3 d5 46. Kd3 Ke7
47. Ke3 Kd6 48. Kd3 Kc5 49. Ke3 Kb4 50. Kd3 d4 51. Ke4 Bxb3 52. Bxb3 Kxb3 53.
Kxe5 d3 54. Ke4 Kc2 0-1

[Event "Coupe Jean-Claude Loubatiere"]
[Site "Aurec"]
[Date "2010.12.05"]
[Round "3.4"]
[White "Mialon, Franck"]
[Black "Benakila, Samir"]
[Result "0-1"]
[WhiteElo "1440"]
[BlackElo "1499"]
[PlyCount "78"]
[EventDate "2010.??.??"]

1. e4 d6 2. d4 Nf6 3. Nc3 g6 4. Bg5 Bg7 5. Qd3 Nc6 6. a3 O-O 7. O-O-O a5 8. h4
b6 9. Bxf6 Bxf6 10. h5 g5 11. h6 e5 12. Nd5 Nxd4 13. Nf3 Bg4 14. Be2 Nxe2+ 15.
Qxe2 Rb8 16. Qd3 Bh8 17. Qd2 c6 18. Ne3 d5 19. Nxg4 Qd6 20. Rh5 f6 21. Nxg5
fxg5 22. Rxg5+ Kf7 23. Rf5+ Ke8 24. Qg5 Rxf5 25. Qxf5 Qe7 26. exd5 Rd8 27. d6
Rxd6 28. Rxd6 Qxd6 29. Qxh7 Qf8 30. Qg6+ Kd8 31. Qxc6 Qf4+ 32. Ne3 Qxf2 33.
Qxb6+ Ke8 34. Qe6+ Kf8 35. Qc8+ Kf7 36. Qc7+ Kg6 37. Qd6+ Bf6 38. Ng4 Qf1+ 39.
Qd1 Bg5+ 0-1

[Event "Coupe Jean-Claude Loubatiere"]
[Site "Aurec"]
[Date "2010.12.05"]
[Round "3.3"]
[White "Coulomb, Marc"]
[Black "Rasle, Corentin"]
[Result "0-1"]
[WhiteElo "1240"]
[BlackElo "1460"]
[PlyCount "32"]
[EventDate "2010.??.??"]

1. e4 e6 2. Nc3 d5 3. exd5 exd5 4. Nf3 Nf6 5. d4 Bd6 6. Bg5 O-O 7. Nb5 Re8+ 8.
Be2 Bb4+ 9. c3 Bf8 10. Bxf6 Qxf6 11. Nxc7 Bg4 12. Nxe8 Qe7 13. Qd3 Qxe8 14. Ng5
g6 15. Qb5 Qe7 16. Qxd5 Qxe2# 0-1

[Event "Coupe Jean-Claude Loubatiere"]
[Site "Aurec"]
[Date "2010.12.05"]
[Round "3.4"]
[White "Lebrun, Enzo"]
[Black "Laffin, Mickael"]
[Result "1-0"]
[WhiteElo "1299"]
[BlackElo "1110"]
[PlyCount "75"]
[EventDate "2010.??.??"]

1. e4 e5 2. f4 d5 3. exd5 exf4 4. Nf3 Qxd5 5. Nc3 Qa5 6. d4 Bb4 7. Bd2 Nf6 8.
Bc4 O-O 9. O-O Bd6 10. Nd5 Qa4 11. Nxf6+ gxf6 12. Bd3 Qd7 13. Nh4 Kh8 14. Bf5
Qc6 15. Qh5 Bxf5 16. Qxf5 Rg8 17. Qxf6+ Rg7 18. Rf2 Nd7 19. Qh6 Rag8 20. c3 Nf8
21. Bxf4 Bxf4 22. Qxf4 Ng6 23. Nxg6+ Rxg6 24. g3 Kg7 25. Qxf7+ Kh8 26. Qe7 R6g7
27. Qf6 Qe8 28. Qe5 Qc8 29. Qf5 Qd8 30. Raf1 Rf8 31. Qxf8+ Qxf8 32. Rxf8+ Rg8
33. Rxg8+ Kxg8 34. Kg2 b5 35. Rf4 a5 36. b3 a4 37. bxa4 bxa4 38. d5 1-0

[Event "Coupe Jean-Claude Loubatiere"]
[Site "Aurec"]
[Date "2010.12.05"]
[Round "3.2"]
[White "Peyssonneaux, Norbert"]
[Black "Desassis, Jean-Francois"]
[Result "1-0"]
[WhiteElo "1499"]
[BlackElo "1570"]
[PlyCount "66"]
[EventDate "2010.??.??"]

1. c4 Nf6 2. Nc3 e5 3. g3 Bc5 4. e3 d6 5. Bg2 O-O 6. Na4 Nbd7 7. Nxc5 Nxc5 8.
d4 exd4 9. exd4 Re8+ 10. Be3 Ng4 11. dxc5 Nxe3 12. fxe3 Rxe3+ 13. Kf2 Re6 14.
Nf3 Qf6 15. Qd4 Qe7 16. Rhe1 dxc5 17. Rxe6 Bxe6 18. Qf4 Rd8 19. Re1 c6 20. Kg1
b5 21. Ne5 Qd6 22. Nxc6 Qxf4 23. gxf4 Rd2 24. Bh3 Rxb2 25. Bxe6 fxe6 26. cxb5
Rxb5 27. Nxa7 Ra5 28. Nc6 Rxa2 29. Rxe6 c4 30. Ne5 g6 31. Nxc4 Kf7 32. Rb6 Kg7
33. Rb2 Ra4 1-0

[Event "Coupe Jean-Claude Loubatiere"]
[Site "Aurec"]
[Date "2010.12.05"]
[Round "3.3"]
[White "Desassis, Gregoire"]
[Black "Daillere, Roland"]
[Result "1-0"]
[WhiteElo "1580"]
[BlackElo "1320"]
[PlyCount "97"]
[EventDate "2010.??.??"]

1. d4 Nf6 2. Nf3 g6 3. Bf4 Bg7 4. e3 d6 5. Bc4 O-O 6. O-O Bg4 7. c3 d5 8. Bb3
Nbd7 9. Qc2 Bf5 10. Qe2 c5 11. Qb5 b6 12. Bg5 c4 13. Ba4 a6 14. Qb4 b5 15. Bd1
Re8 16. Nbd2 Qb8 17. b3 a5 18. Qa3 b4 19. Qc1 bxc3 20. Qxc3 Qb4 21. Qxb4 axb4
22. bxc4 dxc4 23. e4 Nxe4 24. Nxe4 Bxe4 25. Re1 f5 26. Nd2 Nf6 27. Nxc4 Nd5 28.
Bb3 Bxd4 29. Rad1 Bc5 30. Ne5 e6 31. Kf1 Nc3 32. Rd2 Be7 33. Bxe6+ Kg7 34. Rd7
Ra6 35. Bc4 Rb6 36. Bxe7 Rxe7 37. Rxe7+ Kh6 38. f3 Ba8 39. Nf7+ Kh5 40. g4+
fxg4 41. R1e5+ Kh4 42. Nd8 h5 43. fxg4 Rf6+ 44. Ke1 Kxg4 45. R5e6 Rf3 46. Rxg6+
Kh4 47. Be2 Rh3 48. Ra7 Bg2 49. Re6 1-0

[Event "Coupe Jean-Claude Loubatiere"]
[Site "Aurec"]
[Date "2010.12.05"]
[Round "3.4"]
[White "Ducoulombier, Bertrand"]
[Black "Desassis, Emmeran"]
[Result "1-0"]
[WhiteElo "1390"]
[BlackElo "1140"]
[PlyCount "81"]
[EventDate "2010.??.??"]

1. e4 c5 2. Nf3 Nc6 3. Bb5 a6 4. Bxc6 bxc6 5. d4 e6 6. O-O Nf6 7. Nc3 Be7 8. d5
Bb7 9. d6 Bf8 10. e5 Nd5 11. Ne4 g6 12. c4 f5 13. Nxc5 Qb6 14. Na4 Qa5 15. Bd2
Nb4 16. a3 c5 17. Qb3 Qd8 18. axb4 cxb4 19. Qxb4 Bxf3 20. gxf3 Bh6 21. Bxh6 g5
22. Bg7 Rg8 23. Bf6 Qb8 24. Qxb8+ Rxb8 25. c5 Kf7 26. Nb6 Rb7 27. Rxa6 Rgb8 28.
Rfa1 h6 29. Ra7 Ke8 30. Rxb7 Rxb7 31. Ra8+ Kf7 32. Rd8 Ra7 33. Rxd7+ Rxd7 34.
Nxd7 Ke8 35. c6 g4 36. Be7 gxf3 37. Nf6+ Kf7 38. c7 Kg6 39. c8=Q Kg5 40. Qg8+
Kf4 41. Qg3# 1-0